|
|
|
|
| LEADER |
02085cam a2200505 4500 |
| 001 |
886508681 |
| 003 |
DE-627 |
| 005 |
20220429084416.0 |
| 007 |
tu |
| 008 |
170510s2017 gw ||||| 00| ||ger c |
| 015 |
|
|
|a 17,N19
|2 dnb
|
| 016 |
7 |
|
|a 1131270290
|2 DE-101
|
| 020 |
|
|
|a 3897399016
|c : (Broschur : circa EUR 18.00 (DE), circa EUR 18.60 (AT))
|9 3-89739-901-6
|
| 020 |
|
|
|a 9783897399013
|c : (Broschur : circa EUR 18.00 (DE), circa EUR 18.60 (AT))
|9 978-3-89739-901-3
|
| 024 |
3 |
|
|a 9783897399013
|
| 035 |
|
|
|a (DE-627)886508681
|
| 035 |
|
|
|a (DE-576)988650868X
|
| 035 |
|
|
|a (DE-599)DNB1131270290
|
| 035 |
|
|
|a (DE-101)1131270290
|
| 040 |
|
|
|a DE-627
|b ger
|c DE-627
|e rakwb
|
| 041 |
|
|
|a ger
|
| 044 |
|
|
|c XA-DE-TH
|
| 082 |
0 |
4 |
|a 830
|a B
|q DE-101
|
| 084 |
|
|
|a 18.10
|2 bkl
|
| 084 |
|
|
|a 17.97
|2 bkl
|
| 100 |
1 |
|
|a Elsbroek, Ulrich
|d 1962-
|e VerfasserIn
|0 (DE-588)1023860104
|0 (DE-627)718585704
|0 (DE-576)367552469
|4 aut
|
| 245 |
1 |
0 |
|a Tatort Skulpturenausstellung
|c Ulrich Elsbroek
|
| 250 |
|
|
|a 2., unveränderte Auflage
|
| 263 |
|
|
|a 201706
|
| 264 |
|
1 |
|a Weimar
|b VDG Weimar im Jonas-Verlag für Kunst und Literatur
|c 2017
|
| 300 |
|
|
|a 211 Seiten
|c 20.5 cm x 14.3 cm
|
| 336 |
|
|
|a Text
|b txt
|2 rdacontent
|
| 337 |
|
|
|a ohne Hilfsmittel zu benutzen
|b n
|2 rdamedia
|
| 338 |
|
|
|a Band
|b nc
|2 rdacarrier
|
| 490 |
1 |
|
|a Kunstkrimi - Krimikunst
|v 2
|
| 650 |
|
4 |
|a Krimis, Thriller, Spionage
|
| 655 |
|
7 |
|a Fiktionale Darstellung
|0 (DE-588)1071854844
|0 (DE-627)82648378X
|0 (DE-576)43337439X
|2 gnd-content
|
| 710 |
2 |
|
|a Verlag und Datenbank für Geisteswissenschaften
|e Verlag
|0 (DE-588)7559573-4
|0 (DE-627)486341976
|0 (DE-576)261804421
|4 pbl
|
| 787 |
0 |
8 |
|i Rezensiert in
|a Held, Laura
|t Motive über Motive für einen Mord
|d Düsseldorf : AKMB, 2018
|w (DE-627)1692165526
|
| 830 |
|
0 |
|a Kunstkrimi - Krimikunst
|v 2
|9 202
|w (DE-627)522985769
|w (DE-576)9522985767
|w (DE-600)2266729-5
|
| 936 |
b |
k |
|a 18.10
|j Deutsche Literatur
|0 (DE-627)106405047
|
| 936 |
b |
k |
|a 17.97
|j Texte eines einzelnen Autors
|0 (DE-627)181571714
|
| 951 |
|
|
|a BO
|
| 991 |
|
|
|a Rezensiertes Werk
|
| 999 |
|
|
|a KXP-PPN886508681
|e 4151669035
|